[Event "Hessen-ch U18"]
[Site "Bad Homburg"]
[Date "2013.??.??"]
[Round "2"]
[White "Leitner, Lukas"]
[Black "Stuhlmann, Florian"]
[Result "1-0"]
[WhiteElo "1719"]
[BlackElo "1531"]
[PlyCount "121"]
[EventDate "2013.03.??"]
[EventType "swiss"]
[EventRounds "7"]
[EventCountry "GER"]
[SourceTitle "EXT 2014"]
[Source "ChessBase"]
[SourceDate "2013.11.20"]
[SourceVersion "1"]
[SourceVersionDate "2013.11.20"]
[SourceQuality "1"]

1. e4 c5 2. Nc3 e6 3. g3 g6 4. Bg2 Bg7 5. d3 Nc6 6. Bd2 a6 7. Nf3 Nge7 8. 0-0 0-0 9. Qc1 d5 10. Bh6 Re8 11. Bxg7 Kxg7 12. h3 d4 13. Ne2 e5 14. Nh2 Ng8 15. f4 Qd6 16. fxe5 Nxe5 17. Qf4 Re7 18. Nf3 Nxf3+ 19. Rxf3 Qxf4 20. Nxf4 Bd7 21. Nd5 Re5 22. Nb6 Rd8 23. Nxd7 Rxd7 24. h4 f6 25. Raf1 Rf7 26. Bh3 Nh6 27. Kh2 b6 28. Bc8 a5 29. g4 Re8 30. g5 fxg5 31. hxg5 Rxf3 32. Rxf3 Rxc8 33. gxh6+ Kxh6 34. Rf6 Rb8 35. Kg3 Kg5 36. Rf2 Re8 37. c3 dxc3 38. bxc3 h5 39. Re2 Kf6 40. d4 Rc8 41. Kf4 g5+ 42. Ke3 b5 43. Rf2+ Kg6 44. Rf5 cxd4+ 45. cxd4 Rc2 46. Rxb5 Rxa2 47. Rb6+ Kf7 48. Rb7+ Ke6 49. d5+ Kd6 50. Rb6+ Kc7 51. Rc6+ Kd7 52. e5 Ra3+ 53. Ke4 g4 54. e6+ Kd8 55. Ke5 g3 56. Kd6 Re3 57. Rc7 g2 58. Rg7 Kc8 59. Rxg2 Rb3 60. Rg8+ Kb7 61. e7 1-0

[Event "Rhein Main op-B 15th"]
[Site "Bad Homburg"]
[Date "2012.06.09"]
[Round "6"]
[White "Rolf, Marco"]
[Black "Leitner, Lukas"]
[Result "1-0"]
[WhiteElo "1898"]
[BlackElo "1660"]
[PlyCount "39"]
[EventDate "2012.06.06"]
[EventType "swiss"]
[EventRounds "7"]
[EventCountry "GER"]
[SourceTitle "EXT 2013"]
[Source "ChessBase"]
[SourceDate "2012.11.22"]
[SourceVersion "1"]
[SourceVersionDate "2012.11.22"]
[SourceQuality "1"]

1. d4 Nf6 2. c4 g6 3. Nc3 Bg7 4. e4 d6 5. Be2 0-0 6. Nf3 e5 7. Be3 Nc6 8. 0-0 Ne8 9. dxe5 Nxe5 10. Nd4 f5 11. exf5 gxf5 12. Nd5 Nf6 13. Bg5 Qd7 14. Qc2 Neg4 15. Rad1 Re8 16. Bd3 Ne4 17. Bxe4 Rxe4 18. Nb5 Ne5 19. Ndxc7 Rxc4 20. Qb3 1-0

[Event "Hessen-ch U18"]
[Site "Bad Homburg"]
[Date "2012.??.??"]
[Round "6"]
[White "Leitner, Lukas"]
[Black "Schlitzer, Felix"]
[Result "1-0"]
[WhiteElo "1649"]
[BlackElo "1332"]
[PlyCount "95"]
[EventDate "2012.04.??"]
[EventType "swiss"]
[EventRounds "9"]
[EventCountry "GER"]
[SourceTitle "EXT 2015"]
[Source "ChessBase"]
[SourceDate "2014.11.20"]
[SourceVersion "1"]
[SourceVersionDate "2014.11.20"]
[SourceQuality "1"]

1. e4 e5 2. Nf3 Nc6 3. Bb5 Nd4 4. Bc4 Nxf3+ 5. Qxf3 Nf6 6. d3 Be7 7. Nc3 0-0 8. Bd2 d6 9. h3 Be6 10. Bb3 Nd7 11. 0-0-0 Bg5 12. g4 Qf6 13. Qxf6 Bxd2+ 14. Kxd2 Nxf6 15. Ne2 c6 16. f4 exf4 17. Nxf4 Bxb3 18. axb3 Rfe8 19. g5 Nd7 20. h4 Ne5 21. Rdf1 Ng6 22. h5 Nxf4 23. Rxf4 Re6 24. h6 Rg6 25. Rf5 Re8 26. hxg7 Re5 27. Rhf1 Rxg7 28. Rxe5 dxe5 29. Rf5 Rg6 30. Rxe5 Kf8 31. d4 f6 32. gxf6 Rxf6 33. Ke3 Kf7 34. c4 Re6 35. Rxe6 Kxe6 36. Kf4 Kf6 37. d5 a6 38. e5+ Ke7 39. d6+ Ke6 40. Kg5 b5 41. Kh6 a5 42. Kxh7 a4 43. cxb5 cxb5 44. bxa4 bxa4 45. Kg7 Kxe5 46. d7 Kd4 47. d8Q+ Kc4 48. Qb6 1-0

[Event "Hessen-ch U18"]
[Site "Bad Homburg"]
[Date "2012.??.??"]
[Round "3"]
[White "Liez, Franziska"]
[Black "Leitner, Lukas"]
[Result "1/2-1/2"]
[WhiteElo "1957"]
[BlackElo "1649"]
[PlyCount "82"]
[EventDate "2012.04.??"]
[EventType "swiss"]
[EventRounds "9"]
[EventCountry "GER"]
[SourceTitle "EXT 2015"]
[Source "ChessBase"]
[SourceDate "2014.11.20"]
[SourceVersion "1"]
[SourceVersionDate "2014.11.20"]
[SourceQuality "1"]

1. e4 e5 2. Nf3 Nc6 3. Nc3 Bc5 4. Nxe5 Nxe5 5. d4 Bxd4 6. Qxd4 Qf6 7. Be3 Ne7 8. Be2 0-0 9. 0-0-0 d6 10. h3 a6 11. f4 Nd7 12. Qxf6 Nxf6 13. g4 b5 14. a3 Bb7 15. Bf3 Nc6 16. Rhe1 b4 17. axb4 Nxb4 18. g5 Nd7 19. Bg4 Rfd8 20. e5 Nf8 21. exd6 Rxd6 22. Bc5 Rxd1+ 23. Rxd1 a5 24. f5 Nc6 25. Nd5 Ne5 26. Nxc7 Rc8 27. Bxf8 Kxf8 28. f6 Nxg4 29. hxg4 Bf3 30. Rd4 Bxg4 31. Nd5 Rd8 32. c4 Be6 33. Rd2 gxf6 34. gxf6 Bxd5 35. cxd5 Rd6 36. Rh2 Rxf6 37. Rxh7 Rf5 38. d6 Kg8 39. Rh4 Rd5 40. Ra4 f5 41. d7 Rxd7 1/2-1/2